Statistics for I Want To Write You A Song - One Direction - All Lyrics

Click here to take the quiz!

General Stats

  • This quiz has been taken 20 times
  • The average score is 155 of 193

Answer Stats

Answer% Correct
a
100%
I
100%
So
100%
song
100%
to
100%
wanna
100%
when
100%
write
100%
you
100%
are
93%
One
93%
as
87%
can
87%
go
87%
Ooh,
87%
ooh
87%
that
87%
your
87%
do,
80%
do
80%
for
80%
is
80%
it
80%
just
80%
my
80%
the
80%
all
73%
beautiful
73%
get
73%
have
73%
heart
73%
me
73%
With
73%
from
67%
gone
67%
gone,
67%
lend
67%
sweet
67%
that's
67%
will
67%
and
60%
coat
60%
cold,
60%
know
60%
make
60%
need
60%
of
60%
place
60%
sing
60%
boat
53%
build
53%
everything
53%
I'm
53%
listen
53%
remember
53%
strong
53%
time
53%
cheek
47%
feeling
47%
gonna
47%
pain
47%
soft
47%
voice
47%
world
47%
along
40%
any
40%
back
40%
hint
40%
think
40%
won’t
40%
free
33%
giving
33%
hiding
33%
sink,
33%

Score Distribution

Percentile by Number Answered

Percent of People with Each Score

Your Score History

You have not taken this quiz